ARRUPE JESUIT UNIVERSITY

CORONAVIRUS -STOP THE SPREAD - CLEAN,DISINFECT,COVER

The Meaning of marriage payments / (Record no. 127383)

MARC details
000 -LEADER
fixed length control field 00944pam a2200277 i 4500
001 - CONTROL NUMBER
control field 2755323
003 - CONTROL NUMBER IDENTIFIER
control field ARRUPE
005 - DATE AND TIME OF LATEST TRANSACTION
control field 20180112122416.0
008 - FIXED-LENGTH DATA ELEMENTS--GENERAL INFORMATION
fixed length control field 800130s1980 enka b 101 0 eng
010 ## - LIBRARY OF CONGRESS CONTROL NUMBER
LC control number 79042827
015 ## - NATIONAL BIBLIOGRAPHY NUMBER
National bibliography number GB79
020 ## - INTERNATIONAL STANDARD BOOK NUMBER
International Standard Book Number 0121834506
040 ## - CATALOGING SOURCE
Original cataloging agency DLC
Transcribing agency DLC
Modifying agency DLC
050 00 - LIBRARY OF CONGRESS CALL NUMBER
Classification number GN484.43
Item number .M4
082 00 - DEWEY DECIMAL CLASSIFICATION NUMBER
Classification number 392/.5
300 ## - PHYSICAL DESCRIPTION
Other physical details ill. ;
Dimensions 24 cm.
245 04 - TITLE STATEMENT
Title The Meaning of marriage payments /
Statement of responsibility, etc edited by J. L. Comaroff.
260 ## - PUBLICATION, DISTRIBUTION, ETC. (IMPRINT)
Place of publication, distribution, etc London ;
-- New York :
Name of publisher, distributor, etc Academic Press,
Date of publication, distribution, etc 1980.
300 ## - PHYSICAL DESCRIPTION
Extent xii, 264 p. :
490 0# - SERIES STATEMENT
Series statement Studies in anthropology ; 7
500 ## - GENERAL NOTE
General note Based on a symposium held at the University of Manchester in the winter of 1976-7.
504 ## - BIBLIOGRAPHY, ETC. NOTE
Bibliography, etc Includes bibliographies and index.
650 #0 - SUBJECT ADDED ENTRY--TOPICAL TERM
Topical term or geographic name as entry element Bride price
General subdivision Congresses.
9 (RLIN) 38454
650 #0 - SUBJECT ADDED ENTRY--TOPICAL TERM
Topical term or geographic name as entry element Dowry
General subdivision Congresses.
9 (RLIN) 38455
700 1# - ADDED ENTRY--PERSONAL NAME
Personal name Comaroff, John L.,
Dates associated with a name 1945-
9 (RLIN) 38456
906 ## - LOCAL DATA ELEMENT F, LDF (RLIN)
a 7
b cbc
c orignew
d 1
e ocip
f 19
g y-gencatlg
942 ## - ADDED ENTRY ELEMENTS (KOHA)
Source of classification or shelving scheme Library of Congress Classification
Koha item type Monograph ( Printed materials)
Holdings
Withdrawn status Lost status Source of classification or shelving scheme Damaged status Not for loan Collection code Home library Current library Shelving location Date acquired Total Checkouts Full call number Barcode Date last seen Price effective from Koha item type
    Library of Congress Classification     Main Collection ARRUPE LIBRARY ARRUPE LIBRARY Main Collection 12/01/2018   GN484.43 .M4 46600001176 12/01/2018 12/01/2018 Monograph ( Printed materials)

 

Arrupe Library. PO Box MP320 Mt Pleasant, Harare, Zimbabwe
263 242 745411|librarian@aju.ac.zw